000 01004cam a2200265 a 4500
003 PILC
005 20150318135354.0
008 131204s 000 0 eng d
020 _a0071251855
050 0 0 _aPE 1128
_b.B5475 2005
100 1 _aBlass, Laurie,
_d1952-
245 1 0 _aMosaic 2 :
_bwriting /
_cLaurie Blass, Meredith Pike-Baky.
246 0 _aMosaic two.
250 _a4th ed.
_bInternational edition.
260 _aPhilippines :
_bMcGraw-Hill Education (Asia),
_cc2005.
300 _axi, 218 pages :
_billustrations ;
_c26 cm.
500 _aReprint. Originally published: New York : McGraw-Hill Contemporary, c2002.
500 _aPreviously published as: Mosaic two. 2nd ed. 1996.
650 0 _aEnglish language
_xTextbooks for foreign speakers.
650 0 _aEnglish language
_xRhetoric
_xProblems, exercises, etc.
650 0 _aReport writing
_xProblems, exercises, etc.
700 1 _aPike-Baky, Meredith,
_d1948-
700 1 _aBlass, Laurie,
_d1952-
_tMosaic two.
942 _2lcc
_cBK
999 _c283782
_d283782